[Event "14th EUR-ch"]
[Site "Legnica POL"]
[Date "2013.05.15"]
[Round "10"]
[White "Anton, Teodor"]
[Black "Izzat, Kanan"]
[Result "1-0"]
[WhiteElo "2441"]
[BlackElo "2322"]
[EventDate "2013.05.05"]
[PlyCount "115"]

1.d4 Nf6 2.Nf3 g6 3.Nbd2 d5 4.e3 Bg7 5.b4 a5 6.b5 c5 7.bxc6 bxc6 8.Ba3 O-O
9.Bd3 Na6 10.Ne5 Qc7 11.c3 Ne8 12.Nef3 Nd6 13.O-O c5 14.Rb1 Bf5 15.Bxf5 
gxf5 16.Qa4 Ne4 17.Rfc1 Rfb8 18.Nxe4 fxe4 19.Nd2 Nb4 20.cxb4 axb4 21.Qb3 
Qa7 22.Rxc5 Qxa3 23.Qxd5 Qd3 24.Qxe4 Qxe4 25.Nxe4 Rxa2 26.Kf1 e6 27.Ke1 
Bf8 28.Rc4 b3 29.Nf6+ Kg7 30.Nd7 Bb4+ 31.Kf1 Rb7 32.Rxb3 Rxd7 33.Rbxb4 
Rda7 34.Rc1 Rd2 35.Kg1 Raa2 36.Rf1 h5 37.g3 Re2 38.Rb5 Kg6 39.Re5 Ra6 40.
Kg2 Raa2 41.h3 Rad2 42.Re4 Kg5 43.Re5+ Kg6 44.g4 hxg4 45.hxg4 Ra2 46.Kg3 
Ra3 47.Rd1 Raa2 48.f3 Kf6 49.Kf4 Ra4 50.Rd3 Rb2 51.e4 Rbb4 52.d5 exd5 53.
Rdxd5 Rb7 54.Rg5 Ra6 55.Rde5 Ra3 56.Ref5+ Ke7 57.Rg8 Rb1 58.Rg7 1-0

[Event "14th EUR-ch"]
[Site "Legnica POL"]
[Date "2013.05.15"]
[Round "10"]
[White "Kantorik, Marian"]
[Black "Svane, Rasmus"]
[Result "1/2-1/2"]
[WhiteElo "2363"]
[BlackElo "2440"]
[EventDate "2013.05.05"]
[PlyCount "84"]

1.d4 Nf6 2.c4 e6 3.Nc3 Bb4 4.e3 O-O 5.Bd3 d5 6.Nf3 c5 7.O-O dxc4 8.Bxc4 
Bd7 9.a3 Ba5 10.Qe2 Bc6 11.Rd1 Bxc3 12.bxc3 Nbd7 13.Bb5 Bxb5 14.Qxb5 Qc7 
15.Qe2 Rac8 16.a4 cxd4 17.cxd4 Ne4 18.Bd2 Qc4 19.Qxc4 Rxc4 20.Rdb1 Rc7 21.
Ba5 b6 22.Be1 a5 23.Ne5 Nxe5 24.dxe5 Rc6 25.f3 Nc5 26.Bc3 Rfc8 27.Bd4 Nd7 
28.Kf2 f6 29.f4 Rc2+ 30.Kg3 Re2 31.Rb5 Rcc2 32.Rg1 Kf7 33.h3 Ra2 34.exf6 
gxf6 35.Kf3 Rf2+ 36.Kg3 Rfe2 37.Kf3 Rf2+ 38.Kg3 Rfc2 39.Bxb6 Nxb6 40.Rxb6 
Rc7 41.Rgb1 Rxa4 42.Rb7 Rxb7 1/2-1/2

[Event "14th EUR-ch"]
[Site "Legnica POL"]
[Date "2013.05.15"]
[Round "10"]
[White "Skytte, Rasmus"]
[Black "Vuilleumier, Alexandre"]
[Result "1-0"]
[WhiteElo "2426"]
[BlackElo "2319"]
[EventDate "2013.05.05"]
[PlyCount "47"]

1.e4 e6 2.d4 d5 3.Nd2 c5 4.c3 cxd4 5.cxd4 Nc6 6.Ngf3 dxe4 7.Nxe4 Bb4+ 8.
Nc3 Nge7 9.Bd3 O-O 10.O-O Nf5 11.Bxf5 exf5 12.Bg5 f6 13.Qb3+ Kh8 14.Bd2 
Ba5 15.Rfe1 Bb6 16.Nd5 Bd7 17.Nxb6 Qxb6 18.Qxb6 axb6 19.d5 Ne5 20.Nxe5 
fxe5 21.Rxe5 Rfe8 22.f4 Ra4 23.Rc1 Re4 24.Rc7 1-0

[Event "14th EUR-ch"]
[Site "Legnica POL"]
[Date "2013.05.15"]
[Round "10"]
[White "Lubczynski, Rafal"]
[Black "Worek, Joanna"]
[Result "1/2-1/2"]
[WhiteElo "2419"]
[BlackElo "2299"]
[EventDate "2013.05.05"]
[PlyCount "85"]

1.Nf3 Nf6 2.c4 e6 3.g3 d5 4.Bg2 dxc4 5.Qc2 c5 6.Qxc4 Nbd7 7.O-O b6 8.b4 
Bb7 9.bxc5 Bxc5 10.Bb2 O-O 11.d3 Rc8 12.Qb3 Bd5 13.Qd1 Bb4 14.a3 Ba5 15.
Nfd2 b5 16.Nb3 Bb6 17.a4 Bxg2 18.Kxg2 bxa4 19.Rxa4 Qc7 20.Nc3 Qb7+ 21.Kg1 
Rfd8 22.Qa1 Bxf2+ 23.Rxf2 Qxb3 24.Ra3 Qb8 25.Rxa7 Ng4 26.Rf4 Qb6+ 27.Kh1 
Ngf6 28.Ne4 Nxe4 29.Rxe4 f6 30.Bd4 Qc6 31.Ra6 Qc1+ 32.Qxc1 Rxc1+ 33.Kg2 e5
34.Be3 Rc2 35.Kf2 Nf8 36.Rc4 Rb2 37.Ra7 Rd7 38.Rxd7 Nxd7 39.Rc7 Nf8 40.Ra7
Rc2 41.g4 Ne6 42.h4 Rc7 43.Kf3 1/2-1/2

[Event "14th EUR-ch"]
[Site "Legnica POL"]
[Date "2013.05.15"]
[Round "10"]
[White "Rindlisbacher, Lars"]
[Black "Caprio, Guido"]
[Result "0-1"]
[WhiteElo "2312"]
[BlackElo "2413"]
[EventDate "2013.05.05"]
[PlyCount "87"]

1.e4 e5 2.Nf3 Nc6 3.Bb5 a6 4.Ba4 Nf6 5.O-O Be7 6.Re1 b5 7.Bb3 d6 8.c3 O-O 
9.h3 Na5 10.Bc2 c5 11.d4 Nd7 12.d5 Nb6 13.b3 Nb7 14.Nbd2 Qc7 15.Nf1 c4 16.
b4 a5 17.a3 axb4 18.cxb4 Bd7 19.g4 f6 20.Ng3 g6 21.Kh2 Nd8 22.Ng1 Nf7 23.
N1e2 Na4 24.Ra2 Qb7 25.Kg2 Bd8 26.Bb1 Bb6 27.Rc2 Ng5 28.Nc3 Nxc3 29.Rxc3 
h5 30.gxh5 Bxh3+ 31.Kh2 Qd7 32.hxg6 Bg4 33.Qd2 Qg7 34.Nf5 Qh8+ 35.Kg2 Qh5 
36.Qxg5 fxg5 37.Rh1 Qxg6 38.Ne7+ Kg7 39.Nxg6 Kxg6 40.Rf1 Be2 41.Rh1 Rxf2+ 
42.Kg3 Raf8 43.Rh2 Rxh2 44.Kxh2 0-1

[Event "14th EUR-ch"]
[Site "Legnica POL"]
[Date "2013.05.15"]
[Round "10"]
[White "Rzayev, Bahruz"]
[Black "Cherednichenko, Svetlana"]
[Result "1-0"]
[WhiteElo "2411"]
[BlackElo "2274"]
[EventDate "2013.05.05"]
[PlyCount "83"]

1.e4 d6 2.d4 Nf6 3.Bd3 e5 4.c3 d5 5.dxe5 Nxe4 6.Nd2 Nc5 7.Bb1 Qg5 8.Ngf3 
Qxg2 9.Rg1 Qh3 10.Rg3 Qh5 11.Rg5 Qh3 12.Rg3 Qh5 13.Rg5 Qh3 14.b4 Nca6 15.
Rg3 Qh5 16.Nb3 Be6 17.Nbd4 Nd7 18.Rg5 Qh3 19.Bd3 c5 20.Nf5 h6 21.Bf1 hxg5 
22.Bxh3 Rxh3 23.Ng3 f6 24.Qe2 O-O-O 25.exf6 Bg4 26.f7 Bd6 27.Bxg5 Ne5 28.
Qxe5 Bxe5 29.Nxe5 Rf8 30.Be7 Rxf7 31.Nxf7 Rxh2 32.Ne5 Be6 33.bxc5 Nc7 34.
Rb1 Bf5 35.Rb4 Be6 36.Rf4 Rh8 37.Nf5 Bxf5 38.Rxf5 Nb5 39.Kd2 d4 40.c4 Nc3 
41.Rf7 Re8 42.Kd3 1-0

[Event "14th EUR-ch"]
[Site "Legnica POL"]
[Date "2013.05.15"]
[Round "10"]
[White "Tate, Alan"]
[Black "Butkiewicz, Lukasz"]
[Result "0-1"]
[WhiteElo "2264"]
[BlackElo "2410"]
[EventDate "2013.05.05"]
[PlyCount "53"]

1.Nf3 c5 2.c4 Nc6 3.d4 cxd4 4.Nxd4 Nf6 5.Nc3 d6 6.e4 g6 7.Be2 Bg7 8.Be3 
O-O 9.O-O Bd7 10.Nc2 Rc8 11.Qd2 a6 12.f3 Ne5 13.b3 b5 14.cxb5 Qc7 15.Bd4 
axb5 16.Nb4 Qa5 17.a3 e6 18.Rfe1 Rfd8 19.Qe3 Rb8 20.Qf2 Rdc8 21.Bf1 Qa8 
22.Qd2 h5 23.Be3 Ne8 24.Kh1 Qa5 25.Ra2 Rc7 26.Bd4 Nf6 27.Ne2 
    {...}
0-1

[Event "14th EUR-ch"]
[Site "Legnica POL"]
[Date "2013.05.15"]
[Round "10"]
[White "Holzke, Frank"]
[Black "Tomazini, Zan"]
[Result "1-0"]
[WhiteElo "2499"]
[BlackElo "2370"]
[EventDate "2013.05.05"]
[PlyCount "50"]

1.d4 Nf6 2.Nf3 g6 3.c4 Bg7 4.Nc3 O-O 5.e4 d6 6.Be2 Na6 7.O-O e5 8.Be3 Ng4 
9.Bg5 Qe8 10.dxe5 dxe5 11.h3 f6 12.Bd2 Nh6 13.c5 c6 14.Bxa6 bxa6 15.Qa4 
Rb8 16.Bxh6 Bxh6 17.Rad1 Rxb2 18.Rd6 f5 19.Rfd1 Kh8 20.exf5 Bxf5 21.Qh4 
Kg7 22.Rd8 Qf7 23.g4 Be6 24.g5 Qxf3 25.Qxh6+ Kg8 1-0

[Event "14th EUR-ch"]
[Site "Legnica POL"]
[Date "2013.05.15"]
[Round "10"]
[White "Predke, Alexander"]
[Black "Zude, Erik"]
[Result "1-0"]
[WhiteElo "2494"]
[BlackElo "2382"]
[EventDate "2013.05.05"]
[PlyCount "83"]

1.e4 e5 2.Nf3 Nc6 3.Bb5 a6 4.Ba4 Nf6 5.O-O Be7 6.Re1 b5 7.Bb3 d6 8.c3 O-O 
9.h3 Nb8 10.d4 Nbd7 11.Nbd2 Bb7 12.Bc2 Re8 13.Nf1 Bf8 14.Bg5 h6 15.Bh4 c5 
16.dxe5 dxe5 17.N3h2 c4 18.Qf3 Qb6 19.Rad1 Re6 20.b3 Rc8 21.b4 a5 22.a3 
Ra8 23.Ne3 axb4 24.axb4 Ra3 25.Nd5 Bxd5 26.exd5 Re8 27.Re3 e4 28.Qe2 Re5 
29.Bxf6 Nxf6 30.Ng4 Nxg4 31.hxg4 Qf6 32.Bxe4 Bd6 33.g3 g6 34.Qb2 Rxe4 35.
Rxe4 Rxc3 36.Re3 Be5 37.Rxe5 Qxe5 38.d6 Rxg3+ 39.fxg3 Qxb2 40.d7 Qxb4 41.
d8=Q+ Kg7 42.Qd4+ 1-0

[Event "14th EUR-ch"]
[Site "Legnica POL"]
[Date "2013.05.15"]
[Round "10"]
[White "Yildiz, Betul Cemre"]
[Black "Matinian, Nikita"]
[Result "0-1"]
[WhiteElo "2325"]
[BlackElo "2491"]
[EventDate "2013.05.05"]
[PlyCount "112"]

1.d4 Nf6 2.c4 g6 3.Nf3 Bg7 4.g3 d6 5.Bg2 O-O 6.O-O Nc6 7.Nc3 a6 8.Bf4 Bd7 
9.Rc1 e6 10.e4 Nh5 11.Bg5 f6 12.Be3 e5 13.dxe5 fxe5 14.c5 dxc5 15.Bxc5 Rf7
16.Be3 h6 17.Nd5 Nf6 18.Nxf6+ Qxf6 19.Qb3 Rb8 20.Ne1 Qe6 21.Rc5 Nd4 22.
Qxe6 Bxe6 23.Bxd4 exd4 24.b3 Bg4 25.Rc2 b6 26.Nd3 c5 27.Rfc1 a5 28.Nb2 g5 
29.Bf1 Re7 30.Bc4+ Kh8 31.Bd3 Bf3 32.Re1 g4 33.Nc4 h5 34.Nd2 Bh6 35.Nxf3 
gxf3 36.h4 Re5 37.a4 Rg8 38.Kh2 Rg4 39.Ra2 Kg7 40.Rb2 Kf6 41.Kh3 Re7 42.
Ra2 Ke5 43.Rb2 Reg7 44.Ra2 Re7 45.Rc2 Kd6 46.Ra2 Ke5 47.Rc2 Reg7 48.Ra2 
Be3 49.Rc2 Bxf2 50.Rxf2 Rxg3+ 51.Kh2 R7g4 52.Bc4 Kf4 53.Kh1 Rxh4+ 54.Rh2 
Rgh3 55.Rxh3 Rxh3+ 56.Kg1 Kg3 0-1

[Event "14th EUR-ch"]
[Site "Legnica POL"]
[Date "2013.05.15"]
[Round "10"]
[White "Matsenko, Sergei"]
[Black "Szwed, Jacek"]
[Result "1/2-1/2"]
[WhiteElo "2485"]
[BlackElo "2354"]
[EventDate "2013.05.05"]
[PlyCount "100"]

1.e4 e6 2.d4 d5 3.Nd2 c5 4.exd5 exd5 5.Ngf3 a6 6.Be2 c4 7.O-O Bd6 8.Re1 
Ne7 9.b3 cxb3 10.axb3 O-O 11.Bb2 Nbc6 12.Ne5 Qc7 13.Ndf3 f6 14.Nd3 Be6 15.
Rc1 Na5 16.Nc5 Bf7 17.Bf1 Rfe8 18.c4 dxc4 19.b4 Nac6 20.Bxc4 Bxc4 21.Rxc4 
Nd5 22.Rc1 Ncxb4 23.Nxa6 Qf7 24.Nxb4 Bxb4 25.Rxe8+ Rxe8 26.Qb3 Bd6 27.g3 
h5 28.Ba3 Bxa3 29.Qxa3 Kh7 30.Qb3 b6 31.Qd3+ Qg6 32.Qxg6+ Kxg6 33.Rc6 Kf5 
34.Nd2 Re6 35.Rc8 Re2 36.Nc4 Ke4 37.Rc6 Kf3 38.h4 Re1+ 39.Kh2 Kxf2 40.Rd6 
b5 41.Rxd5 bxc4 42.Rc5 Rc1 43.d5 Kf1 44.d6 Rc2+ 45.Kh1 Rd2 46.Rxc4 Rxd6 
47.Rf4+ Ke2 48.Kg2 Ke3 49.Rf3+ Ke4 50.Rf4+ Ke5 1/2-1/2

[Event "14th EUR-ch"]
[Site "Legnica POL"]
[Date "2013.05.15"]
[Round "10"]
[White "Ekstroem, Roland"]
[Black "Golub, Dan"]
[Result "0-1"]
[WhiteElo "2461"]
[BlackElo "2305"]
[EventDate "2013.05.05"]
[PlyCount "86"]

1.e4 e5 2.Nf3 Nc6 3.Bc4 Bc5 4.c3 Nf6 5.d4 exd4 6.cxd4 Bb4+ 7.Bd2 Bxd2+ 8.
Qxd2 Nxe4 9.Qe3 Qe7 10.O-O Nd6 11.Qd3 O-O 12.Bb3 Qf6 13.Nc3 Ne7 14.Rfe1 c6
15.d5 Nef5 16.dxc6 dxc6 17.g4 Ne7 18.Ne5 Ng6 19.Nxg6 hxg6 20.Rad1 Bxg4 21.
Qxd6 Bxd1 22.Qxd1 Rad8 23.Qg4 Rfe8 24.Rxe8+ Rxe8 25.Kg2 Qf5 26.Qg3 b5 27.
Nd1 c5 28.Ne3 Qe4+ 29.Kh3 Re5 30.Bd1 Qd4 31.b3 Rxe3 32.Qxe3 Qxd1 33.Qe8+ 
Kh7 34.Qxf7 Qc2 35.Qxa7 Qxf2 36.Kg4 Qf5+ 37.Kg3 c4 38.bxc4 Qd3+ 39.Kf2 
Qd2+ 40.Kf3 bxc4 41.Qf2 Qd5+ 42.Ke2 Qd3+ 43.Ke1 Qb1+ 0-1

[Event "14th EUR-ch"]
[Site "Legnica POL"]
[Date "2013.05.15"]
[Round "10"]
[White "Chudinovskikh, Alexander"]
[Black "Fauland, Alexander"]
[Result "1/2-1/2"]
[WhiteElo "2296"]
[BlackElo "2449"]
[EventDate "2013.05.05"]
[PlyCount "114"]

1.e4 c6 2.d4 d5 3.Nc3 g6 4.Nf3 Bg7 5.h3 Nf6 6.Bd3 dxe4 7.Nxe4 Bf5 8.Nxf6+ 
Bxf6 9.Bxf5 gxf5 10.O-O Qd5 11.b3 b5 12.a4 b4 13.a5 c5 14.Be3 f4 15.Bxf4 
cxd4 16.Qd3 Nc6 17.Rfe1 O-O 18.Re4 Kh8 19.Rae1 Rg8 20.a6 Rg6 21.g3 Rd8 22.
Be5 Bxe5 23.Nxe5 Rh6 24.Nxc6 Qxc6 25.Rxd4 Rhd6 26.Rxd6 Rxd6 27.Qf5 f6 28.
Qe4 e5 29.Qxb4 Qxa6 30.Qb8+ Kg7 31.Qc7+ Kg6 32.c4 Rd3 33.Qb8 Qe6 34.Kh2 
Qb6 35.Qg8+ Kh6 36.Qf8+ Kg6 37.c5 Qxb3 38.Re4 h5 39.Rh4 Rd2 40.Qe8+ Qf7 
41.Qxf7+ Kxf7 42.Kg2 Rc2 43.Rxh5 Kg6 44.Rh8 Rxc5 45.Ra8 Ra5 46.g4 Kg5 47.
Rg8+ Kf4 48.Rg6 f5 49.g5 e4 50.h4 Kg4 51.Re6 Rb5 52.g6 Rb7 53.Re5 Rg7 54.
h5 Kxh5 55.Rxf5+ Kxg6 56.Ra5 Kf6+ 57.Kf1 Ke6 1/2-1/2

[Event "14th EUR-ch"]
[Site "Legnica POL"]
[Date "2013.05.15"]
[Round "10"]
[White "Musialkiewicz, Jan"]
[Black "Perunovic, Miodrag"]
[Result "0-1"]
[WhiteElo "2256"]
[BlackElo "2430"]
[EventDate "2013.05.05"]
[PlyCount "116"]

1.e4 c5 2.Nf3 d6 3.d4 cxd4 4.Nxd4 Nf6 5.Nc3 g6 6.Be3 Bg7 7.f3 O-O 8.Qd2 
Nc6 9.Bc4 Bd7 10.O-O-O Rb8 11.Kb1 b5 12.Nxc6 Bxc6 13.Bd5 b4 14.Ne2 Bxd5 
15.exd5 Rb5 16.c4 bxc3 17.Nxc3 Rb7 18.Bd4 Qd7 19.Ne4 Rfb8 20.Rhe1 Qa4 21.
Nxf6+ Bxf6 22.Bxf6 exf6 23.Qc3 Rxb2+ 24.Qxb2 Rxb2+ 25.Kxb2 Qb4+ 26.Ka1 
Qc3+ 27.Kb1 Qb4+ 28.Ka1 Qh4 29.Re2 Qxh2 30.Kb2 h5 31.Kc3 h4 32.Kd3 f5 33.
Rc1 Qg3 34.Rf1 g5 35.Kd2 Qf4+ 36.Kd1 Qc4 37.Rfe1 Qxd5+ 38.Rd2 Qc6 39.Re3 
Qa4+ 40.Ke2 Qf4 41.Red3 Qg3 42.Kd1 Kg7 43.Kc2 Qe5 44.Rxd6 Qc5+ 45.Kd1 Qg1+
46.Kc2 Qf1 47.R6d3 Kg6 48.Ra3 Qg1 49.Ra6+ f6 50.Ra4 Qc5+ 51.Kd1 Qe3 52.Kc2
h3 53.gxh3 Qxf3 54.Rxa7 Qxh3 55.a4 f4 56.Rc7 f3 57.Kb2 Qf5 58.Rcc2 g4 0-1

[Event "14th EUR-ch"]
[Site "Legnica POL"]
[Date "2013.05.15"]
[Round "10"]
[White "Goumas, Georgios"]
[Black "Lewtak, Damian"]
[Result "1-0"]
[WhiteElo "2410"]
[BlackElo "2224"]
[EventDate "2013.05.05"]
[PlyCount "76"]

1.e4 e6 2.d4 d5 3.Nc3 Bb4 4.e5 Ne7 5.Bd2 O-O 6.Nce2 Bxd2+ 7.Qxd2 b6 8.Ng3 
c5 9.c3 Ba6 10.Bxa6 Nxa6 11.Nf3 cxd4 12.cxd4 Rc8 13.O-O Ng6 14.Rac1 Qe7 
15.a3 Qd7 16.h4 h6 17.Nh5 Rxc1 18.Rxc1 Rc8 19.g3 Rxc1+ 20.Qxc1 Qc7 21.Qd2 
Nb8 22.Nh2 Ne7 23.Ng4 Nf5 24.Ngf6+ Kf8 25.Nxg7 Nxg7 26.Qxh6 Nc6 27.Qh8+ 
Ke7 28.Ng8+ Ke8 29.Nf6+ Ke7 30.Ng8+ Ke8 31.Nh6+ Kd7 32.Qxg7 Nxd4 33.Qxf7+ 
Kc8 34.Qxc7+ Kxc7 35.f4 Kd7 36.Kf2 Ke7 37.Ng8+ Kf7 38.Nf6 b5 1-0

[Event "14th EUR-ch"]
[Site "Legnica POL"]
[Date "2013.05.15"]
[Round "10"]
[White "Vesterbaek Pedersen, Nicolai"]
[Black "Matsenko, Andrei"]
[Result "1-0"]
[WhiteElo "2406"]
[BlackElo "2212"]
[EventDate "2013.05.05"]
[PlyCount "53"]

1.d4 d5 2.c4 c6 3.Nf3 Nf6 4.e3 Bf5 5.Nc3 e6 6.Nh4 Bg6 7.Nxg6 hxg6 8.Bd2 
Nbd7 9.Qb3 Rb8 10.a4 Bd6 11.g3 Qe7 12.Bg2 O-O 13.O-O Rfe8 14.f4 dxc4 15.
Qxc4 c5 16.a5 cxd4 17.exd4 Bb4 18.Rfd1 Rbc8 19.Qb3 b6 20.a6 Nb8 21.Nb5 
Bxd2 22.Rxd2 Qd7 23.Bb7 Rcd8 24.Qc4 e5 25.fxe5 Ng4 26.Nd6 Re6 27.Bc8 1-0

[Event "14th EUR-ch"]
[Site "Legnica POL"]
[Date "2013.05.15"]
[Round "10"]
[White "Mazur, Stefan"]
[Black "Huber, Martin Christian"]
[Result "0-1"]
[WhiteElo "2402"]
[BlackElo "2176"]
[EventDate "2013.05.05"]
[PlyCount "118"]

1.e4 c5 2.Nf3 e6 3.c4 Nc6 4.Nc3 Nf6 5.Be2 b6 6.O-O Bb7 7.d4 cxd4 8.Nxd4 
Qb8 9.Kh1 Bd6 10.Nxc6 Bxc6 11.f4 e5 12.f5 Nxe4 13.Nxe4 Bxe4 14.Bf3 Bxf3 
15.Qxf3 Be7 16.Qg4 Bf6 17.b3 O-O 18.Ba3 d6 19.Rad1 Rd8 20.Rd5 Qc7 21.Rfd1 
Be7 22.Bc1 Bf6 23.Qe4 Rac8 24.a4 Rd7 25.Ba3 Rcd8 26.R1d3 a6 27.Bc1 Rb8 28.
Ba3 Qc6 29.Rd1 b5 30.cxb5 axb5 31.a5 Qc3 32.Bxd6 Rbd8 33.R5d3 Qxa5 34.h3 
Qa8 35.Qxa8 Rxa8 36.Bb4 Rxd3 37.Rxd3 Ra1+ 38.Kh2 h5 39.g4 Ra2+ 40.Kg3 hxg4
41.hxg4 e4 42.Rd2 Ra1 43.Kf4 Rb1 44.Bc5 Rxb3 45.g5 Rf3+ 46.Kg4 Be5 47.g6 
Rg3+ 48.Kh4 fxg6 49.Rd8+ Kh7 50.Re8 g5+ 51.Kh5 Bf6 52.Rxe4 Rh3+ 53.Kg4 
Rh4+ 54.Kf3 Rxe4 55.Kxe4 Kh6 56.Bb4 Kh5 57.Kd5 g4 58.Be1 Kg5 59.Ke4 Bb2 
0-1

[Event "14th EUR-ch"]
[Site "Legnica POL"]
[Date "2013.05.15"]
[Round "10"]
[White "Manea, Alexandru"]
[Black "Musialkiewicz, Pawel"]
[Result "1-0"]
[WhiteElo "2389"]
[BlackElo "2160"]
[EventDate "2013.05.05"]
[PlyCount "76"]

1.d4 d5 2.c4 c6 3.Nf3 Nf6 4.e3 Bf5 5.Nc3 e6 6.Nh4 Be4 7.f3 Bg6 8.g3 Nbd7 
9.Qb3 Qb6 10.Nxg6 hxg6 11.Bg2 Be7 12.O-O O-O 13.Rd1 Rfd8 14.Bf1 Rac8 15.
Bd2 Qc7 16.Rac1 dxc4 17.Bxc4 Nb6 18.Be2 e5 19.Nb5 Qb8 20.dxe5 Nfd5 21.Nd6 
Bxd6 22.exd6 Qxd6 23.e4 Qe6 24.Bf1 Nc7 25.Qxe6 Nxe6 26.Be3 Rxd1 27.Rxd1 
Rd8 28.Rxd8+ Nxd8 29.b3 Kf8 30.Bh3 Ke8 31.Bd4 f6 32.a4 Na8 33.Bxa7 Nc7 34.
Bc8 Nce6 35.b4 Ke7 36.Be3 b5 37.a5 f5 38.a6 fxe4 1-0

[Event "14th EUR-ch"]
[Site "Legnica POL"]
[Date "2013.05.15"]
[Round "10"]
[White "Rindlisbacher, Jan"]
[Black "Simacek, Pavel"]
[Result "0-1"]
[WhiteElo "2241"]
[BlackElo "2498"]
[EventDate "2013.05.05"]
[PlyCount "122"]

1.d4 d5 2.c4 c6 3.Nc3 e5 4.cxd5 cxd5 5.dxe5 d4 6.Ne4 Qa5+ 7.Nd2 Nc6 8.Nf3 
Nh6 9.g3 Ng4 10.Bg2 Ne3 11.fxe3 dxe3 12.O-O exd2 13.Bxd2 Qb6+ 14.Kh1 Be7 
15.Qc2 Be6 16.Ng5 Bxg5 17.Bxg5 h6 18.Bd2 Rc8 19.Bc3 O-O 20.Rfd1 Rfd8 21.
Rd6 Re8 22.Qd2 Qc5 23.Bd5 Bxd5+ 24.Rxd5 Qc4 25.Qd3 Qxd3 26.exd3 Rcd8 27.
Rxd8 Rxd8 28.Rd1 Rd5 29.d4 Nxe5 30.Kg2 f5 31.Re1 Nc6 32.Re8+ Kf7 33.Rc8 
Rd7 34.Kf3 Ne7 35.Ra8 a6 36.Ke3 Nd5+ 37.Kd3 Nf6 38.Kc4 Ng4 39.h4 Rc7+ 40.
Kd5 Rd7+ 41.Kc5 Nf6 42.Rb8 g5 43.hxg5 hxg5 44.Kb6 Nd5+ 45.Ka7 Nxc3 46.bxc3
f4 47.gxf4 gxf4 48.Rh8 Kf6 49.Kb8 Rf7 50.d5 f3 51.c4 f2 52.Rh1 Ke5 53.a4 
b5 54.cxb5 axb5 55.axb5 Kxd5 56.b6 f1=Q 57.Rxf1 Rxf1 58.b7 Kc6 59.Ka7 Ra1+
60.Kb8 Rb1 61.Ka8 Kc7 0-1

[Event "14th EUR-ch"]
[Site "Legnica POL"]
[Date "2013.05.15"]
[Round "10"]
[White "Cernousek, Lukas"]
[Black "Simeonidis, Ioannis"]
[Result "1-0"]
[WhiteElo "2476"]
[BlackElo "2237"]
[EventDate "2013.05.05"]
[PlyCount "67"]

1.d4 d5 2.c4 c6 3.Nf3 Nf6 4.Nc3 dxc4 5.a4 Bf5 6.Ne5 Nbd7 7.Nxc4 Qc7 8.g3 
e5 9.dxe5 Nxe5 10.Bf4 Nfd7 11.Bg2 g5 12.Ne3 gxf4 13.Nxf5 O-O-O 14.Qc2 Kb8 
15.O-O fxg3 16.hxg3 h5 17.Rfc1 Nf6 18.Nb5 Qb6 19.b4 Bxb4 20.Rab1 Rd2 21.
Qb3 a5 22.Nbd4 Nfg4 23.Rd1 Rxd1+ 24.Rxd1 Rd8 25.e3 c5 26.Nb5 c4 27.Qc2 
Rxd1+ 28.Qxd1 Nd3 29.Qf3 Be1 30.Qe4 Bxf2+ 31.Kf1 Nde5 32.Nfd6 Qc6 33.Qh7 
Nxe3+ 34.Ke2 1-0

[Event "14th EUR-ch"]
[Site "Legnica POL"]
[Date "2013.05.15"]
[Round "10"]
[White "Hristodoulou, Panagiotis"]
[Black "Sipila, Vilka"]
[Result "1/2-1/2"]
[WhiteElo "2219"]
[BlackElo "2445"]
[EventDate "2013.05.05"]
[PlyCount "113"]

1.e4 e5 2.Nf3 Nc6 3.Bb5 Nf6 4.Qe2 a6 5.Ba4 b5 6.Bb3 Bc5 7.d3 O-O 8.c3 d6 
9.Bg5 h6 10.Bh4 Be6 11.Nbd2 a5 12.Bd5 Bxd5 13.exd5 Nb8 14.Ne4 Nbd7 15.g4 
Rc8 16.g5 Nxd5 17.gxh6 Nf4 18.Qf1 f6 19.hxg7 Rf7 20.O-O-O Qe8 21.Kb1 Qe6 
22.Bg3 Qg4 23.Nh4 d5 24.f3 Qh5 25.Nxc5 Nxc5 26.d4 exd4 27.cxd4 Qh7+ 28.Ka1
Ncd3 29.Bxf4 Nb4 30.a3 Qxh4 31.Bg3 Nc2+ 32.Ka2 Qh7 33.Qxb5 Ne3 34.Rde1 c6 
35.Qa6 Re8 36.Qxc6 Rfe7 37.Bf4 Qc2 38.Qxc2 Nxc2 39.Rxe7 Rxe7 40.Bh6 Nxd4 
41.Rc1 Re8 42.Rc5 Rd8 43.Rxa5 Nxf3 44.h3 Ne5 45.Ra6 Kf7 46.Ra7+ Kg8 47.Kb1
d4 48.Rc7 d3 49.Kc1 Nf3 50.b4 Nd4 51.Kd1 Nb5 52.Rc6 Nd6 53.a4 Kf7 54.Bf4 
Ne4 55.Rc4 Re8 56.Be3 f5 57.Bd4 1/2-1/2

[Event "14th EUR-ch"]
[Site "Legnica POL"]
[Date "2013.05.15"]
[Round "10"]
[White "Schachinger, Mario"]
[Black "Leiber, Bernard"]
[Result "1-0"]
[WhiteElo "2443"]
[BlackElo "2209"]
[EventDate "2013.05.05"]
[PlyCount "73"]

1.Nf3 Nf6 2.c4 d6 3.d4 Nbd7 4.Nc3 e5 5.g3 Be7 6.Bg2 O-O 7.O-O c6 8.Qc2 Re8
9.Rd1 Qc7 10.e4 a6 11.b3 b5 12.Bb2 Bb7 13.c5 b4 14.cxd6 Bxd6 15.Na4 exd4 
16.Nxd4 c5 17.Nf5 Be5 18.Bxe5 Rxe5 19.Nd6 Bc6 20.f4 Re6 21.e5 Ng4 22.Qf5 
Nh6 23.Qd3 Bxg2 24.Kxg2 Ra7 25.Rac1 g6 26.Qd5 Ng4 27.Rd3 Qa5 28.h3 Nh6 29.
Rd2 Rc7 30.Qa8+ Nf8 31.Rd5 Rd7 32.Rcxc5 Qd8 33.Rc8 Qe7 34.Nc5 Rdxd6 35.
Rxf8+ Qxf8 36.Qxf8+ Kxf8 37.exd6 1-0

[Event "14th EUR-ch"]
[Site "Legnica POL"]
[Date "2013.05.15"]
[Round "10"]
[White "Sabuk, Piotr"]
[Black "Lomsadze, Davit"]
[Result "0-1"]
[WhiteElo "2206"]
[BlackElo "2370"]
[EventDate "2013.05.05"]
[PlyCount "66"]

1.e4 e5 2.Nf3 Nc6 3.Bc4 Nf6 4.Ng5 d5 5.exd5 Na5 6.Bb5+ c6 7.dxc6 bxc6 8.
Bd3 Be7 9.O-O O-O 10.Nc3 h6 11.Nf3 Bd6 12.Re1 Qc7 13.h3 Nb7 14.Bc4 Re8 15.
d3 Na5 16.Bb3 Nxb3 17.axb3 Nd5 18.Ra4 f5 19.Nd2 Qf7 20.Nc4 Bc7 21.Qf3 Bd7 
22.Bd2 Kh7 23.Ne4 Qg6 24.Nc5 e4 25.Qe2 Bc8 26.Kh1 e3 27.Ba5 exf2 28.Qxf2 
Bg3 29.Qxg3 Qxg3 30.Rxe8 f4 31.Be1 Qg6 32.Rf8 Bxh3 33.gxh3 Rxf8 0-1

[Event "14th EUR-ch"]
[Site "Legnica POL"]
[Date "2013.05.15"]
[Round "10"]
[White "Cherednichenko, Elena"]
[Black "Gaehwiler, Gabriel"]
[Result "0-1"]
[WhiteElo "2168"]
[BlackElo "2288"]
[EventDate "2013.05.05"]
[PlyCount "76"]

1.d4 Nf6 2.Nf3 g6 3.Nc3 d5 4.Bf4 Bg7 5.e3 Bg4 6.Be2 Bxf3 7.Bxf3 c6 8.Qd2 
Nbd7 9.h3 a5 10.a4 Nb6 11.Be2 Nfd7 12.Bg5 O-O 13.O-O f6 14.Bh4 e5 15.f4 
Qc7 16.fxe5 fxe5 17.Bg3 Qd6 18.Rxf8+ Qxf8 19.Rd1 exd4 20.exd4 Bh6 21.Qd3 
Re8 22.Bf2 Nc4 23.Qf3 Ne3 24.Bxe3 Bxe3+ 25.Kh1 Qe7 26.Rd3 Bh6 27.Rd1 Rf8 
28.Qg3 Bf4 29.Qg4 Bc7 30.g3 Nf6 31.Qh4 Qe3 32.Rd3 Qc1+ 33.Bd1 Qxb2 34.Rf3 
Bd8 35.Ne2 Qb4 36.Rf1 Ne4 37.Rxf8+ Qxf8 38.Qf4 Nf2+ 0-1

[Event "14th EUR-ch"]
[Site "Legnica POL"]
[Date "2013.05.15"]
[Round "10"]
[White "Krnic, Ivan"]
[Black "Makolli, Perparim"]
[Result "1-0"]
[WhiteElo "2166"]
[BlackElo "2286"]
[EventDate "2013.05.05"]
[PlyCount "81"]

1.e4 c5 2.Nf3 Nc6 3.Bb5 Qc7 4.O-O a6 5.Bxc6 Qxc6 6.d4 cxd4 7.Nxd4 Qc7 8.
Nc3 e6 9.Re1 Bc5 10.Be3 Nf6 11.f4 Bb4 12.Qd3 Bxc3 13.bxc3 d5 14.exd5 Nxd5 
15.f5 O-O 16.Bd2 e5 17.Nf3 Qc5+ 18.Kh1 f6 19.Rab1 Ne7 20.Nh4 Qc7 21.Rbd1 
Rd8 22.Qf3 Bd7 23.Re3 Qc8 24.Rd3 Bc6 25.Rxd8+ Qxd8 26.Qg4 Kh8 27.Be3 Qe8 
28.Bc5 Rd8 29.Re1 Nd5 30.Ng6+ Kg8 31.Qh5 Bd7 32.c4 Bxf5 33.Qxf5 hxg6 34.
Qe4 Qc6 35.cxd5 Qxc5 36.c4 Qb4 37.Rc1 b5 38.h3 bxc4 39.Rxc4 Qd6 40.Qxg6 
Qxd5 41.Rc7 1-0

[Event "14th EUR-ch"]
[Site "Legnica POL"]
[Date "2013.05.15"]
[Round "10"]
[White "Duman, Aydin"]
[Black "Xylogiannopoulos, Antonios"]
[Result "1-0"]
[WhiteElo "2265"]
[BlackElo "2147"]
[EventDate "2013.05.05"]
[PlyCount "111"]

1.e4 e5 2.Nf3 Nf6 3.Nc3 Bb4 4.Bc4 O-O 5.O-O d6 6.d3 c6 7.Bb3 Bg4 8.h3 Be6 
9.Ne2 Nbd7 10.c3 Ba5 11.Ng3 d5 12.Ng5 Nc5 13.Nxe6 Nxe6 14.Qf3 d4 15.Nf5 
dxc3 16.Qg3 g6 17.Nh6+ Kg7 18.Bxe6 fxe6 19.Qxe5 cxb2 20.Qxb2 Bb6 21.Bg5 
Qd7 22.Rab1 Bd4 23.Qxb7 Rad8 24.Ng4 Rf7 25.Qxd7 Rfxd7 26.e5 Nxg4 27.Bxd8 
Nxe5 28.Bg5 Nxd3 29.Be3 e5 30.Rb8 c5 31.Rfb1 c4 32.R1b7 Rxb7 33.Rxb7+ Kf6 
34.Rc7 c3 35.Kf1 Ke6 36.Ke2 Nb2 37.Rxh7 Kd5 38.Rc7 a5 39.h4 Na4 40.Kd3 
Nc5+ 41.Kc2 Ne4 42.Rg7 Nxf2 43.Bxf2 Bxf2 44.Kxc3 Bxh4 45.Rxg6 e4 46.g3 Be7
47.Kd2 Ke5 48.Ra6 Bb4+ 49.Ke3 Kf5 50.Ra8 Bc5+ 51.Ke2 Bb4 52.a3 Bc3 53.Ke3 
Be1 54.Rf8+ Kg4 55.Rg8+ Kf5 56.g4+ 1-0

[Event "14th EUR-ch"]
[Site "Legnica POL"]
[Date "2013.05.15"]
[Round "10"]
[White "Sahitaj, Naim"]
[Black "Chubar, Vladimir"]
[Result "1-0"]
[WhiteElo "2256"]
[BlackElo "2053"]
[EventDate "2013.05.05"]
[PlyCount "71"]

1.e4 e6 2.d4 d5 3.Nd2 dxe4 4.Nxe4 Bd7 5.Nf3 Bc6 6.Bd3 Be7 7.O-O Nf6 8.Ned2
O-O 9.c4 Nbd7 10.b3 a5 11.a3 b6 12.Rb1 Qb8 13.Re1 Re8 14.Bb2 Qb7 15.Ne5 
Nxe5 16.dxe5 Nd7 17.Qg4 g6 18.Bc2 Nc5 19.b4 axb4 20.axb4 Red8 21.Bc1 Nd3 
22.Bxd3 Rxd3 23.b5 Be8 24.Ne4 h5 25.Qf4 Rd4 26.Nf6+ Bxf6 27.Qxf6 Kh7 28.h4
Rg4 29.f3 Ra2 30.Rb2 Rxb2 31.Bxb2 Rxc4 32.Ba3 Rc5 33.Rd1 Qa7 34.Bxc5 bxc5 
35.Rd8 c4+ 36.Kh2 1-0